Science Quiz

Random Science Quiz

Reaction type Quiz Stats

 Plays Quiz not verified by Sporcle

Support Sporcle.
Go Orange.
Score 0/10 Timer 10:00
0 Plays Today
% Correct
Combustion
80%
Synthesis
80%
Combustion
80%
Decomposition
80%
Synthesis
60%
Double Replacement
60%
Single Replacement
40%
Double Replacement
40%
Single Replacement
40%
Double Replacement
40%

You're not logged in!

Compare scores with friends on all Sporcle quizzes.
OR
Log In

From the Vault

Most Populous World Capitals A-Z

by teggers

Now I know my world capital ABCs, next time won't you sing with me?
Remove Ads.
Support Sporcle.
Get the best of Sporcle when you Go Orange. This ad-free experience offers more features, more stats, and more fun while also helping to support Sporcle. Thank you for becoming a member.

Show Comments

Extras

Created Feb 28, 2011ReportNominate
Tags:reaction

Top Quizzes Today


Score Distribution

Your Account Isn't Verified!

In order to create a playlist on Sporcle, you need to verify the email address you used during registration. Go to your Sporcle Settings to finish the process.

Report this User

Report this user for behavior that violates our Community Guidelines.

Details: